|
|
|
|
| LEADER |
01407cam a2200325Ia 4500 |
| 001 |
9780203014486 |
| 003 |
FlBoTFG |
| 005 |
20091230162924.0 |
| 006 |
a|||||s||||||||||| |
| 007 |
cr|||| |
| 008 |
050216s2006 enk sb 001 0 eng d |
| 020 |
|
|
|a 9780203014486 (e-book : PDF)
|
| 040 |
|
|
|a FlBoTFG
|c FlBoTFG
|d GrThAP
|
| 090 |
|
|
|a BP130.2
|b .E43 2006
|
| 092 |
|
|
|a 297.122601
|b A967
|
| 100 |
1 |
|
|a Awwa, Salwa Muhammad.
|
| 245 |
1 |
0 |
|a Textual relations in the Qur®åan
|h [electronic resource] :
|b relevance, coherence and structure /
|c Salwa M.S. El-Awa.
|
| 260 |
|
|
|a London ;
|a New York :
|b Routledge,
|c 2006.
|
| 300 |
|
|
|a x, 182 p.
|
| 490 |
1 |
|
|a Routledge studies in the Qur®åan
|
| 504 |
|
|
|a Includes bibliographical references (p. 173-175) and index.
|
| 505 |
0 |
|
|a Historical overview -- The linguistic study of textual relations -- Textual relations and section division in Såura 33, (al-Aòhzåab) -- Textual relations and paragraph division in Såura 75, (al-Qiyåama).
|
| 530 |
|
|
|a Also available in print edition.
|b CRC Press (http://www.crcpress.com)
|
| 538 |
|
|
|a Mode of access: World Wide Web.
|
| 630 |
0 |
0 |
|a Koran
|x Hermeneutics.
|
| 630 |
0 |
0 |
|a Koran
|x Criticism, interpretation, etc.
|
| 655 |
|
7 |
|a Electronic books.
|2 lcsh
|
| 776 |
1 |
|
|z 9780415363433
|
| 830 |
|
0 |
|a Routledge studies in the Qur®åan.
|
| 856 |
4 |
0 |
|u http://www.tandfebooks.com/isbn/9780203014486
|z Full Text via HEAL-Link
|